| 000 | 00509 a2200169 4500 | ||
|---|---|---|---|
| 003 | Nust | ||
| 005 | 20170207153553.0 | ||
| 040 | _cNust | ||
| 082 | _a621.382 | ||
| 100 | _aFazal, NC Saad ur Rehman TCC-19 / TE - 44 | ||
| 245 |
_aHardware implementaion of OFDM on FPGA for SDR applications _cNC Saad ur Rehman Fazal, PC Mariam Khazir & NC Usama Karim TCC-19 / TE - 44 |
||
| 260 |
_bMCS _cJuly 2011 |
||
| 300 | _ax, 99 p | ||
| 538 | _aAlmirah No.71 Shelf No.2 | ||
| 650 | _aUG Projects | ||
| 651 | _aUG EE Projects | ||
| 942 | _cTHS | ||
| 999 |
_c188978 _d188978 |
||